Sarah Khan

Toronto J


Categories

Science - Biology1100255574.0002
History - Other History021115109119.5002
History - American History010010111111.0001
Fine Arts - Other Fine Arts010010109109.0001
Fine Arts - Visual Fine Arts010110129129.0000
Other Academic010110123123.0001
Philosophy010010120120.0000
Social Science0010-50.0000
History - World History0010-50.0000

Buzzes

Social Sciencebipolar disorder-546
Science - Biologyblood1555
History - Other Historyfreeing slaves-561
History - World HistoryPortuguese Empire-592
Science - Biologyears1093
Fine Arts - Other Fine ArtsRepublic of India10109
History - Other HistoryIreland10109
History - American Historydoctor10111
Philosophydialogues10120
Other Academicbagels10123